Welcome to the Holygrace Academy Library

Please use search bar below to get started

CREATIVE NATURE CRAFTS (Record no. 5917)

MARC details
000 -LEADER
fixed length control field 00395nam a22001457a 4500
020 ## - INTERNATIONAL STANDARD BOOK NUMBER
ISBN 1-85348-639-6
082 ## - DEWEY DECIMAL CLASSIFICATION NUMBER
Classification number 645
Item number JEN/C
100 ## - MAIN ENTRY--AUTHOR NAME
Personal name JENKINS, ALISON
245 ## - TITLE STATEMENT
Title CREATIVE NATURE CRAFTS
260 ## - PUBLICATION, DISTRIBUTION, ETC. (IMPRINT)
Place of publication LONDON
Name of publisher NEW BURLINGTON BOOKS
Year of publication 1995
300 ## - PHYSICAL DESCRIPTION
Number of Pages 128
520 ## - SUMMARY, ETC.
Summary, etc USE NATURE'S BEAUTY TO MAKE BEAUTIFUL GIFTS AND DECORATIONS
650 ## - SUBJECT ADDED ENTRY--TOPICAL TERM
Topical Term FASHION STUDIES
Geographic subdivision UNITED KINGDOM
942 ## - ADDED ENTRY ELEMENTS (KOHA)
Koha item type Books
Holdings
Withdrawn status Lost status Collection code Home library Current library Shelving location Date acquired Source of acquisition Full call number Accession Number Koha item type
    Reference Main Library Main Library SHELF 15G- FASHION,COOKING 08/05/2012 purchase 645 JEN/C 06107 Books